| 000 -LEADER |
| fixed length control field |
00455nam a22001457a 4500 |
| 008 - FIXED-LENGTH DATA ELEMENTS--GENERAL INFORMATION |
| fixed length control field |
150528b xxu||||| |||| 00| 0 eng d |
| 080 ## - UNIVERSAL DECIMAL CLASSIFICATION NUMBER |
| Universal Decimal Classification number |
343.983 |
| 100 ## - Rafti |
| Rafti |
Graves, Pat R. |
| 245 ## - TITLE STATEMENT |
| Title |
Microsoft Office PowerPoint 2007 : |
| Statement of responsibility, etc |
Pat. R. Graves, Amie Mayhall. |
| 260 ## - |
| -- |
Boston : |
| -- |
McGraw-Hill Higher Education, |
| -- |
c2008. |
| 300 ## - |
| -- |
xl, 556 f. : |
| -- |
me il. ; |
| -- |
28 cm. |
| 650 #0 - |
| -- |
Presentation graphics software. |
| 700 ## - |
| -- |
Graves, Pat R. |
| 942 ## - ADDED ENTRY ELEMENTS (KOHA) |
| Source of classification or shelving scheme |
|
| Item type |
Books |